000 00259nam a22001217a 4500
003 SGT
082 _bSAS
100 _aSASTRY, N.S.R.
245 _aLIVESTOCK PRODUCTION MANAGEMENT
260 _bKALYANI PUBLICATION
_c2018
300 _a912
942 _2ddc
_cBK
_07
999 _c15400
_d15400